Countries that start with I- Historical Mode - Statistics

General Stats
  • This quiz has been taken 29 times
  • The average score is 8 of 12
Answer Stats
Year Country Existed Country Name % Correct
Present Day India
100%
Present Day Iran
92%
Present Day Iraq
92%
Present Day Indonesia
88%
Present Day Italy
88%
Present Day Ireland
85%
Present Day Iceland
81%
Present Day Israel
81%
Present Day Ivory Coast
65%
1900's Igala
0%
1900's Igara
0%
1900's Ile'Ife
0%
No matching quizzes found
Score Distribution
Percent of People with Each Score
Percentile by Number Answered
Your Score History
You have not taken this quiz